=LDR 00000nam 2200000 4500 =001 INLIS000000000027451 =005 20130612125828 =008 ***********************************Ind** =035 ##$$0010-061300000027451 =041 ##$$a Ind =082 ##$$a 910.076 =090 ##$$a 910.076, Asm r =100 ##$$a Asmara,Adi =245 ##$$a Ringkasan dan Bank soal pengetahuan sosial geografi untuk SMP/MTS, Adi Asmara =260 ##$$a 2004 $b Bandung =300 ##$$a 176 hlm, ilus, 29 cm =650 ##$$a Geografi-Tes dan evaluasi =850 ##$$a NBPNMAT =990 ##$$a 0001/BPAP-NTB/2016